Amatérska filmová dokumentárna tvorba a jej ďalší rozvoj na Slovensku I

Bibliographic Details
Main Author: Viestová, Oľga (Author)
Format: Article
Language:Slovak
Subjects:

MARC

LEADER 00000nab a2200000 a 4500
001 vtls000305409
003 SK-MaSNL
005 20260302214658.0
008 111201c1988 xo 0 slo
015 |a SNBRB19rr/mm-uuuuu 
035 |a CL0315528 
040 |a SNKBUCL  |b slo  |c SNKBUCL  |e AACR2 
041 0 |a slo 
044 |a xo  |c SK 
080 |a 791.43.05.077(437.6)  |2 1981 
100 1 |a Viestová, Oľga  |4 aut  |9 6164 
245 1 0 |a Amatérska filmová dokumentárna tvorba a jej ďalší rozvoj na Slovensku I  |c Oľga Viestová 
650 0 7 |a film dokumentárny amatérsky  |2 snkbucl  |9 942216 
655 7 |a články z novín a časopisov  |2 snkbucl  |9 267496 
773 0 |t Výtvarníctvo fotografia film  |g Roč. 26, č. 3 (1988), s. 20-21 
850 |a Slovenská národná knižnica v Martine  |a MTA001 
852 |a SNK  |b KIS3GCP 
958 |a RK 
992 |a RBX 
999 |c 1499115  |d 1501045